000
00314nam a2200121Ia 4500
005
20251222152011.0
008
251222s9999||||xx |||||||||||||| ||spa||
020
_a
978-607-17-0401-6
082
_a
664.028.4/C75
100
_a
"Colina Irezabal, MarÃa Luisa"
245
0
_a
Deshidratación de alimentos
942
_c
LIB
999
_c
24914
_d
24914